| 000 | 00502nam a2200181Ia 4500 | ||
|---|---|---|---|
| 008 | 191130s2009##################000#0#eng## | ||
| 020 | _a9788173703096 | ||
| 040 |
_aACL _cACL |
||
| 082 | _a420.9 RAM | ||
| 100 | _aRama Krishna Rao, A | ||
| 245 |
_aEnjoying everyday English _cA. Rama Krishna Rao |
||
| 260 |
_aHyderabad _bSangam Books _c2009 |
||
| 300 | _a166 p. : ill. ; 25 cm | ||
| 650 | _aEnglish language | ||
| 990 | _ac2068cf9ac10000c1e8bc62325e981ef | ||
| 991 | _a422810 | ||
| 999 |
_c174660 _d174660 |
||